00785nam a2200217 a 450000100100000000500170001000800410002704000250006808200200009310000380011324500780015125000110022926000280024030000270026849000200029550000730031583000290038804900090041795201240042699900170055000002193620200930011518.0100914s1980 mx a r 000 0 spa d aDO-SdBNPbspacBNPHU aNNNbI11f, 19801 aIanni, Octavio,d1926-200494551710aLa formación del estado populista en América Latina /cOctavio Ianni. a2a ed. aMéxico :bEra,c1980. a177, [13] p. ;c18 cm.1 aPopular erav30 aIncluye notas y referencias bibliográficas al pie de las páginas 0aPopular era ;v30927371 aBNGR 001054708MOaGRbGRcCTd2010-09-14iLF1l0oNNN I11f, 1980p21936-10r2020-06-25w2020-06-25y4ZPréstamo en sala c21434d21434